Scientific computing on vector computers /
Saved in:
| Main Author: | |
|---|---|
| Format: | Book |
| Language: | English |
| Published: |
Amsterdam :
North-Holland,
1987
|
| Edition: | 1.vyd. |
| Series: | Special topics in supercomputing
Vol.2 |
| Subjects: | |
| Tags: |
No Tags, Be the first to tag this record!
|
MARC
| LEADER | 00000nam a22000003a 4500 | ||
|---|---|---|---|
| 001 | stu1827 | ||
| 005 | 20150617225619.1 | ||
| 008 | 920604s1987----ne------------------eng-d | ||
| 020 | |a 0-444-70288-1 | ||
| 040 | |a STU |b slo | ||
| 041 | 0 | |a eng | |
| 044 | |a ne | ||
| 080 | |a 681.32 | ||
| 080 | |a 519.688 |7 stu_us_auth*stu10069 | ||
| 080 | |a 001 | ||
| 100 | 1 | |a Schönauer, Willi |4 aut | |
| 245 | 1 | |a Scientific computing on vector computers / |c [aut.] Schönauer,Willi | |
| 250 | |a 1.vyd. | ||
| 260 | |a Amsterdam : |b North-Holland, |c 1987 | ||
| 300 | |a 487 s | ||
| 650 | 7 | |a vedecké výpočty |2 stusub | |
| 650 | 7 | |a vektorové počítače |2 stusub | |
| 830 | 0 | |a Special topics in supercomputing |v Vol.2 | |
| 996 | |c I*18PD4614 |l I |s A |a 24 |w stu1827_0001 | ||